02349 2200241 4500001002100000005001500021007000300036008003900039035002000078082001600098084002200114100003400136245021500170264003900385300001200424336002100436337002800457338002500485520145500510650005201965856007402017990001602091INLIS00000000150474720260427032610ta260427 | | |  a0010-0426000068 aL.310-25149 aL.310-25149 NOV p0 aNOVAN NUR ROMADLONePengarang1 aPENERAPAN STANDAR KOMPETENSI KERJA NASIONAL INDONESIA (SKKNI) NOMOR 321 TAHUN 2017 PADA KEPALA KANDANG FARM UNGGAS PEDAGING :b(STUDI KASUS DI PETERNAKAN AYAM BROILER KABUPATEN PROBOLINGGO) /cPolbangtan Malang aMalang :bPolbangtan Malang,c2025 a154 hlm 2rdacontentaText 2rdamediaaBuku Tercetak 2rdacarrieraHardcopy aPeningkatan kualitas sumber daya manusia dalam bidang peternakan unggas merupakan aspek krusial dalam menghadapi tantangan sistem pemeliharaan modern, seperti kandang closed house. Untuk memastikan tenaga kerja yang kompeten, pemerintah menetapkan Standar Kompetensi Kerja Nasional Indonesia (SKKNI) Nomor 321 Tahun 2017 yang ditujukan bagi kepala kandang ayam pedaging. Penelitian ini bertujuan untuk mengkaji tingkat penerapan kompetensi inti dan kompetensi pilihan sebagaimana tercantum dalam SKKNI tersebut pada kepala kandang ayam broiler. Penelitian ini menggunakan metode deskriptif kuantitatif dengan pendekatan studi kasus di beberapa peternakan ayam broiler yang berada di wilayah Kabupaten Probolinggo. Data dikumpulkan melalui teknik observasi, wawancara, dokumentasi, dan penyebaran kuesioner kepada kepala kandang. Hasil penelitian menunjukkan bahwa kompetensi inti kepala kandang berada pada kategori cukup diterapkan, terutama pada aspek biosekuriti, dan keselamatan kerja, meskipun belum optimal pada aspek manajerial dan pengorganisasian kerja. Sementara itu, kompetensi pilihan yang meliputi pengelolaan teknis pemeliharaan ayam, seperti persiapan kandang, pemberian pakan, hingga proses panen, telah diterapkan dengan sangat baik sesuai standar yang ditetapkan. Temuan ini menunjukkan bahwa penerapan SKKNI di tingkat kepala kandang memiliki kontribusi penting terhadap efektivitas manajemen peternakan broiler. 4aSKKNI, Kepala Kandang, Ayam Broiler, Kompetensi ahttps://repository.polbangtanmalang.ac.id/xmlui/handle/123456789/2134 aL.310-25149